Les animaux préhistoriques

Podrobná bibliografia
Hlavný autor: Augusta, Josef, 1903-1968 (Autor)
Ďalší autori: Burian, Zdeněk, 1905-1981 (Iluminátor), Reverseau, Jeanne (Prekladateľ)
Médium: Kniha
Jazyk:francúzština
Fyzický popis:36, [66] s. 4° 60 obr. a barev. obr. příl.
Vydavateľské údaje: Paris Praha ditions La Farandole Artia [vyd.] 1967
Vydanie:4. édition

MARC

LEADER 00000nam a2200000 a 4500
001 vtls001158069
003 SK-MaSNL
005 20260301002305.0
008 240314s1967 FR 0 fre
035 |a SNK000100975 
040 |a SNK  |b slo  |c SNK  |e AACR2 
041 0 |a fre 
044 |a FR 
080 |a 56(084.1)(024.7)=4  |2 1981 
100 1 |a Augusta, Josef,  |d 1903-1968  |4 aut  |9 246274 
245 1 0 |a Les animaux préhistoriques  |c Josef Augusta ; Illustr. Zdeněk Burian ; Trad. Jeanne Reverseau 
250 |a 4. édition 
260 |a Paris  |b ditions La Farandole  |a Praha  |b Artia [vyd.]  |c 1967  |e Prague  |f PG 
300 |a 36, [66] s.  |c 4°  |e 60 obr. a barev. obr. příl. 
700 1 |a Burian, Zdeněk,  |d 1905-1981  |4 ilu  |9 87333 
700 1 |a Reverseau, Jeanne  |4 trl  |9 281852 
958 |a RK 
958 |a OND 
999 |c 537005  |d 538935 
952 |t P60, <04>, [BOOK], {604}  |a SNK  |b SNK  |y VYP  |7 0  |p 17A0139644  |o snkIB 20433 D1  |0 0  |1 1  |4 0  |d 1998-05-13  |l 0  |r 2005-01-01 00:00:00  |w 2026-02-23